000 00260nam a2200109Ia 4500
008 220204s9999 xx 000 0 und d
082 _a82-3SIL
_bTAY
100 _aTaylor, Abra
245 0 _aSeason of seduction
260 _aKent
_bSilhouette
_c1983
942 _cBK
999 _c37893
_d37893